000 00790nam a2200241Ia 4500
003 OSt
005 20220927105620.0
006 a|||||r|||| 00| 0
007 ta
008 220926b |||||||| |||| 00| 0 eng d
024 _a195027
037 _cReference Collections
040 _aRTL
_cRTL
_beng
041 _2eng
_aeng
082 _a"X9.2sP08<-P07, GD"
110 _a"INDIA, LABOUR AND EMPLOYMENT (M/o-) LABOUR BUREAU"
_9373721
245 0 _aAnnual survey of industries.
260 _a"Shimla,"
_b"Govt. Press, "
490 _v01493327- 2007-08: V1: Statistics on employment and labour cost. (303p)
700 _a"INDIA, LABOUR AND EMPLOYMENT (M/o-) LABOUR BUREAU"
_9373722
942 _h"X9.2sP08<-P07, GD"
_cCC
999 _c693436
_d693436